Il sesso in Svezia /

সংরক্ষণ করুন:
গ্রন্থ-পঞ্জীর বিবরন
প্রধান লেখক: Green, Eric (লেখক)
বিন্যাস: গ্রন্থ
ভাষা:ইতালিয়
প্রকাশিত: Milano : Rialta, 1969
মালা:I quaderni della salute ; 22
বিষয়গুলি:
ট্যাগগুলো: ট্যাগ যুক্ত করুন
কোনো ট্যাগ নেই, প্রথমজন হিসাবে ট্যাগ করুন!

MARC

LEADER 00000nam a22000007i 4500
001 IT\ICCU\LO1\0771562
003 ItRI
005 20260115232247.0
008 030823s1969 it |||||| ||||| |||||c
040 |b ita  |c importazione bologna sebina 
041 7 |a ita  |2 ISO-639-2 
100 1 |a Green, Eric  |0 IT\ICCU\LO1V\259775  |4 aut 
245 1 3 |a Il sesso in Svezia /  |c Eric Green. 
260 |a Milano :  |b Rialta,  |c 1969 
300 |a 153 p. ;  |c 17 cm. 
650 7 |a Donna  |x Svezia  |x Comportamento sessuale  |2 scbi 
830 2 |a I quaderni della salute ;  |v 22  |0 IT\ICCU\SBL\0074404 
942 |2 ddc  |c BK  |n 0 
952 |0 0  |1 0  |4 0  |6 DOC_306_708000000000000_GRE  |7 0  |9 23164  |a BO  |b BO  |d 2026-01-15  |i 398  |l 0  |o DOC 306.708 GRE  |p BO398  |r 2026-01-15 23:22:47  |w 2026-01-15  |x [Sebina 7] [1 v.]  |y BK  |z 1 v. 
999 |c 19752  |d 19752